| 000 | 00536nam a2200193 a 4500 | ||
|---|---|---|---|
| 005 | 20220608063506.0 | ||
| 008 | 120625s2008 mx r 000 0 spa d | ||
| 020 | _a9788466776660 | ||
| 035 | _aUPN01000185421 | ||
| 049 | _aCG | ||
| 050 | 4 |
_aPQ6701 L6 _bR4.5 |
|
| 100 | 1 |
_aAlonso, Manuel Luis, _d1948- _930691 |
|
| 245 | 1 | 3 |
_aEl regreso de Jack / _cManuel L. Alonso. |
| 260 |
_aMadrid : _bAnaya, _c2008. |
||
| 300 | _a151 p. | ||
| 440 | 0 | _aEspacio con misterio | |
| 650 | 0 |
_aCuentos policĂacos y de misterio _92405 |
|
| 905 | _aLibro | ||
| 999 |
_c157524 _d157524 |
||